000 00793nam a2200241Ia 4500
003 OSt
005 20220923221644.0
006 a|||||r|||| 00| 0
007 ta
008 220922b |||||||| |||| 00| 0 hin d
024 _a199,080
037 _cTextual
040 _aARTS
_cARTS
_bhin
041 _2hin
_ahin
082 _aP1523,4x, 152L0
100 _aतिवारी, शशिशेखर
_9156271
245 0 _aभोजपुरी लोकोक्तियां
246 _aBhojapurī lokoktiyāan
260 _aपटना
_b बिहार राष्ट््रभाषा परिषद्
_c1970
300 _a304पृ.
_ccm.
942 _hP1523,4x, 152L0
_cTEXL
_2CC
999 _c350859
_d350859